[Event "TAO 49"]
[Site "?"]
[Date "2009.09.19"]
[Round "1"]
[White "Mabe, Chris"]
[Black "Gragg, Mark"]
[Result "1-0"]
[WhiteElo "2294"]
[BlackElo "1819"]
[Annotator "Rybka 3 (90s)"]
[PlyCount "61"]
[SourceDate "2006.11.11"]

{D06: Queen's Gambit: Symmetrical and Baltic Defences} 1. Nf3 d5 2. d4 c5 3. c4
cxd4 4. cxd5 Qxd5 5. Nc3 {White threatens to win material: Nc3xd5} Qd8 (5...
Qa5 6. Qxd4 Nc6 7. Qd5 $14) 6. Nxd4 (6. Qxd4 Bd7 $14) 6... a6 {
Prevents intrusion on b5} (6... e5 7. Ndb5 a6 8. Qxd8+ Kxd8 9. Na3 $11) 7. e4 {
Black is behind in developement. Black's piece can't move: f8} (7. Bf4 $5 $16)
7... e5 $11 {Black threatens to win material: e5xd4} 8. Nc2 {
The knight aims for Nd4-c2-e3-d5} Qxd1+ 9. Kxd1 {
White loses the right to castle} Be6 10. Ne3 (10. Be3 Nc6 $11) 10... Nc6 $15
11. Ned5 {Here comes the goal-getter} O-O-O 12. Bc4 Na5 {
Black threatens to win material: Na5xc4} (12... Nf6 13. Bg5 $15) 13. Bd3 $11
Kb8 14. Be3 (14. Ke2 Nc6 $11) 14... Nc6 $15 15. Bb6 Rd7 16. Ke2 (16. f3 Nf6 17.
Ke2 Nxd5 18. exd5 Bxd5 19. Nxd5 Rxd5 $15) 16... Nd4+ $15 {A classical outpost}
17. Ke3 (17. Kf1 Ne7 $15) 17... f5 (17... Nf6 $5 $15) 18. f4 $11 {
White threatens to win material: f4xe5} Nf6 $4 {
releasing the pressure on the opponent} (18... fxe4 $142 {
the only rescuing move} 19. Bxe4 Nh6 20. fxe5 Nc6 $11) 19. fxe5 $18 Nxd5+ 20.
exd5 (20. Nxd5 $6 fxe4 21. Bxd4 exd3 $14) 20... Bxd5 21. Bxd4 f4+ 22. Kf2 $4 {
there were better ways to keep up the pressure} (22. Kxf4 {
keeps an even firmer grip} Bxg2 23. Ne2 Bxh1 24. Rxh1 Bc5 25. Bxc5 Rxd3 $18)
22... Bxg2 $4 {causes further problems for ?} (22... Bc6 $142 23. Ne2 Rxd4 24.
Nxd4 Bc5 $16) 23. Kxg2 $18 Rxd4 24. Rad1 Be7 (24... Bb4 {
doesn't get the bull off the ice} 25. Kf3 $18) 25. Kf3 g5 (25... Re8 {
does not help much} 26. Bxh7 Bc5 27. Ne4 $18) 26. Bf5 Bc5 (26... Rhd8 {
cannot undo what has already been done} 27. Rxd4 Rxd4 28. Bxh7 $18) 27. Rxd4
Bxd4 28. Ke4 Rf8 (28... Bc5 {doesn't get the cat off the tree} 29. h4 gxh4 30.
Rxh4 $18) 29. Bxh7 (29. Kxd4 $142 {seems even better} Rxf5 30. Nd5 Rf8 $18)
29... Bxc3 30. bxc3 f3 (30... Kc7 {is not much help} 31. Rg1 $18) 31. Bf5 1-0

[Event "TAO 49"]
[Site "?"]
[Date "2009.09.19"]
[Round "3"]
[White "Campbell, William"]
[Black "High, Zachary"]
[Result "0-1"]
[WhiteElo "1903"]
[BlackElo "1520"]
[Annotator "Rybka 3 (90s)"]
[PlyCount "98"]
[SourceDate "2006.11.11"]

{D36: Queen's Gambit Declined: Exchange Variation: Main line (5 Bg5 c6 6 Qc2)} 
1. d4 d5 2. c4 e6 3. Nc3 Nf6 4. cxd5 (4. Nf3 Nc6 $11) 4... exd5 $11 5. Bg5 {
Black has an active position} Nbd7 6. e3 c6 {Secures b5} 7. Bd3 Be7 8. Nge2 O-O
9. Qc2 Re8 10. O-O Nf8 11. f3 {Covers e4+g4} (11. h3 b6 $14) 11... h6 {
Black threatens to win material: h6xg5} 12. Bh4 Qb6 (12... Bd6 13. Qd2 Ng6 $14)
13. e4 (13. Bg3 $5 $14 {is an interesting alternative}) 13... dxe4 $15 14. fxe4
Be6 (14... Ne6 15. Bf2 Ng4 16. Bc4 $17) 15. Bf2 (15. h3 Rac8 $14) 15... Qc7 (
15... Ng4 16. Kh1 $11) 16. e5 {White threatens to win material: e5xf6} (16. h3
Rac8 $14) 16... Ng4 17. h3 Nxf2 18. Rxf2 {Black has the pair of bishops} Bg5
19. Kh1 Rad8 20. Rd1 {White has an active position} Qe7 (20... Re7 21. Rf3 $11)
21. Rff1 {Black has a cramped position} (21. Ne4 Be3 (21... Bxa2 $2 {
doesn't work because of} 22. b3 $18) 22. Rff1 Qh4 $14 (22... Bxa2 $2 {
doesn't lead to anything significant} 23. b3 $18)) 21... Be3 {
Black threatens to win material: Be3xd4} (21... Nd7 22. Ne4 Rf8 23. N2g3 $11)
22. Rf3 (22. Ne4 Qh4 (22... Bxa2 $2 {is a blank shot} 23. b3 $18) 23. Rf3 Bxd4
$14) 22... Bg5 {Black has a cramped position} (22... Bxd4 23. Nxd4 Rxd4 24.
Bh7+ Nxh7 25. Rxd4 $11) 23. Ne4 $14 Ng6 (23... Bd5 24. Rdf1 $14) 24. Nxg5 Qxg5
(24... hxg5 $142 $5 {is interesting} 25. Bxg6 fxg6 26. Qxg6 Bf7 $16) 25. Rg3
$16 Qh5 26. Bxg6 (26. Rxg6 $142 fxg6 27. Nf4 $16) 26... fxg6 $11 27. Qxg6 (27.
Rf1 $5 c5 28. Nf4 $11 (28. Qxg6 $2 {doesn't lead to the expected results} Qxg6
29. Rxg6 cxd4 $19) (28. Rxg6 cxd4 29. Nf4 Qf5 30. Rxg7+ Kxg7 31. Nxe6+ Qxe6 $11
)) 27... Qxg6 $15 28. Rxg6 Bxa2 {White has a new protected passed pawn: e5} 29.
Nf4 $2 (29. Rg4 $142 $15 {would keep White in the game}) 29... Rxe5 $1 $19 {
Deflection: d4} 30. Rg4 (30. dxe5 Rxd1+ {Pinning} (30... Rxd1+ {Deflection}))
30... Re4 31. Ra1 Bc4 (31... Bf7 $142 {seems even better} 32. d5 cxd5 $19) 32.
Rc1 $4 {simply worsens the situation} (32. Rxa7 $142 Rdxd4 33. Ng6 Re1+ 34. Kh2
Rxg4 35. hxg4 $19) 32... Rdxd4 33. g3 (33. Ng6 {
doesn't get the bull off the ice} Rxg4 34. hxg4 Rxg4 $19) 33... Rd2 34. Rg1 (
34. Kg1 {is no salvation} Rxb2 35. Ng6 Rxg4 36. hxg4 Be2 $19) 34... Rxb2 (34...
Rxf4 $142 {makes it even easier for Black} 35. Rxg7+ Kxg7 36. gxf4+ Kf6 37. Ra1
$19) 35. Rd1 (35. Ra1 {is not the saving move} a5 36. Nh5 Rxg4 37. hxg4 Ra2 $19
) 35... Kh7 (35... a5 $5 {might be the shorter path} 36. Nh5 Rxg4 37. hxg4 Bd5+
38. Kg1 $19) 36. Nh5 Rxg4 37. hxg4 a5 38. Rd7 a4 39. Nf6+ (39. Nxg7 {
doesn't do any good} a3 40. Nh5+ Kh8 41. Rd8+ Bg8 $19) 39... Kg6 40. Nh5 Bf7
41. Rd6+ (41. Nf4+ {does not win a prize} Kf6 42. Rd6+ Ke7 $19) 41... Kh7 (
41... Kg5 $142 {and Black can already relax} 42. Rd3 b5 43. Nf4 Kxg4 44. Re3
$19) 42. Rd7 (42. Rd3 {doesn't improve anything} Rb3 43. Rd4 a3 $19) 42... Bxh5
(42... a3 43. Rxf7 a2 44. Rf1 $19) 43. gxh5 a3 44. Rd1 a2 45. Ra1 b5 (45...
Rb1+ 46. Rxb1 axb1=Q+ 47. Kg2 Qe4+ 48. Kg1 Qf3 49. g4 b5 50. g5 hxg5 51. h6
gxh6 52. Kh2 b4 53. Kg1 b3 54. Kh2 b2 55. Kg1 b1=Q+ 56. Kh2 Qbh1#) 46. g4 b4
47. g5 b3 48. g6+ Kg8 49. Rd1 (49. Kg1 {cannot change what is in store for ?}
Rb1+ 50. Kg2 Rxa1 51. Kh2 b2 52. Kh3 Rh1+ 53. Kg4 b1=Q 54. Kg3 a1=Q 55. Kf4 Qc3
56. Kg4 Qe4#) 49... Rb1 (49... Rb1 50. Rg1 Rxg1+ 51. Kxg1 a1=Q+ 52. Kg2 b2 53.
Kg3 b1=Q 54. Kg2 Qh1+ 55. Kg3 Qc3+ 56. Kf2 Qce1#) 0-1

[Event "TAO 49"]
[Site "?"]
[Date "2009.09.19"]
[Round "2"]
[White "High, Zachary"]
[Black "Cato, Tony"]
[Result "1-0"]
[WhiteElo "1520"]
[BlackElo "1618"]
[Annotator "Rybka 3 (90s)"]
[PlyCount "65"]
[SourceDate "2006.11.11"]

{B32: Sicilian: Löwenthal and Kalashnikov Variations} 1. e4 c5 2. Nf3 Nc6 3. d4
e6 (3... cxd4 4. c3 dxc3 5. Nxc3 $11) 4. Nc3 (4. d5 $142 Nce7 5. d6 $16) 4...
h6 $2 {Consolidates g5} (4... cxd4 5. Nxd4 Nf6 6. Be2 $14) 5. Bc4 $4 {
letting the wind out of his own sails} (5. d5 $142 $5 Nb8 6. Ne5 $18) 5... a6 {
Prevents intrusion on b5} (5... cxd4 6. Nxd4 Nf6 7. O-O $14) 6. a4 (6. d5 Na5
7. dxe6 dxe6 8. Qxd8+ Kxd8 $16) 6... Na5 {
Black threatens to win material: Na5xc4} (6... cxd4 7. Nxd4 Qc7 8. Nxc6 bxc6 9.
O-O $11) 7. Ba2 $14 b6 (7... cxd4 8. Nxd4 d6 9. O-O $14) 8. O-O (8. d5 Bb7 $14)
8... Bb7 (8... cxd4 9. Qxd4 Ne7 10. Qd3 $14) 9. d5 Qc7 10. Be3 {
Black has a cramped position. Black's piece can't move: a5} (10. e5 Qc8 $14)
10... Nf6 $14 {Black is behind in development.} 11. e5 {
White threatens to win material: e5xf6} (11. Re1 e5 $14) 11... Nh7 $2 (11...
Nxd5 $5 {should be considered} 12. Nxd5 exd5 13. Bxd5 Bxd5 14. Qxd5 Qc6 $14)
12. Ne4 (12. Re1 c4 $16) 12... exd5 (12... Ng5 $5 13. Bxg5 hxg5 14. Nd6+ Bxd6
15. exd6 Qd8 $16) 13. Bxd5 Bxd5 14. Qxd5 Qc6 15. Qd3 (15. Rfd1 Be7 $16) 15...
Nb7 (15... Be7 $5 $16) 16. Rfd1 Be7 17. Ng3 Nf8 18. Nf5 Ne6 19. c3 (19. Nxe7
Kxe7 20. Nh4 g6 $18) 19... a5 (19... Bf8 20. b4 $1 {Decoy: b4} g6 21. b5 $16)
20. b3 (20. Nxe7 Kxe7 21. Nh4 Ke8 $18) 20... g6 (20... Bf8 $5 $16) 21. Nxh6 $18
Rd8 (21... c4 22. bxc4 Nbc5 23. Qd5 $18) 22. Qc4 d5 23. exd6 $1 {Decoy: d6}
Bxd6 $2 (23... Nxd6 24. Qg4 {Combination}) (23... Rxd6 24. Nxf7 {Decoy}) (23...
Bxd6 24. Ng4 {Combination}) 24. Nd4 {Deflection: c5} Qe4 (24... cxd4 25. Qxc6+
{Double attack} (25. Qxc6+ {Pinning}) (25. Qxc6+ {Deflection})) 25. Qb5+ (25.
Nxe6 Qxe6 26. Qa6 Rb8 $18) 25... Kf8 26. Nxe6+ fxe6 $4 {Black falls apart} (
26... Qxe6 $142 27. h3 Kg7 $18) 27. Qxb6 $18 Bxh2+ (27... Rh7 $18 {
praying for a miracle}) 28. Kxh2 Rxd1 (28... Re8 {desperation} 29. Qc7 Qh4+ 30.
Kg1 Rxh6 31. Bxh6+ Qxh6 32. Qxb7 Qg7 33. Qxg7+ Kxg7 34. Rd7+ Kh6 $18) 29. Rxd1
Qe5+ 30. Kg1 Rh7 (30... Qd4 {does not solve anything} 31. cxd4 Rh7 32. Qxe6 Nd8
33. Qg8+ Ke7 34. Qxh7+ Ke6 35. d5+ Kf6 36. Ng4+ Kf5 37. Qd7+ Ke4 38. f3#) 31.
Rd8+ $1 {Mate attack} Nxd8 (31... Nxd8 32. Qxd8+ {Mate attack}) 32. Qxd8+ Kg7
33. Qe7+ (33. Qe7+ Kh8 34. Qf8#) 1-0

[Event "TAO 49"]
[Site "?"]
[Date "2009.09.19"]
[Round "1"]
[White "Ahmed, Zakir"]
[Black "High, Zachary"]
[Result "0-1"]
[WhiteElo "1891"]
[BlackElo "1520"]
[Annotator "Rybka 3 (90s)"]
[PlyCount "48"]
[SourceDate "2006.11.11"]

{B40: Sicilian: 2...e6, Unusual lines} 1. c4 (1. e4 e6 $11) 1... c5 2. Nc3 e6 {
Prevents intrusion on d5} (2... Nc6 3. Nf3 $11) 3. e4 Nc6 4. Nf3 Nge7 5. d4
cxd4 6. Nxd4 Ng6 (6... Nxd4 7. Qxd4 Nc6 8. Qe3 $14) 7. Nxc6 (7. Be3 Be7 $14)
7... bxc6 8. Bd3 (8. Be3 Be7 $11) 8... Bc5 $11 9. O-O O-O 10. a3 {Secures b4} (
10. Be2 Rb8 $11) 10... a5 (10... d6 11. Rb1 $15) 11. Rb1 (11. Be2 Ba7 $11)
11... Rb8 12. Bd2 (12. Na4 Bd4 $11) 12... Ba6 13. Na4 {
White threatens to win material: Na4xc5} Bd4 {
The backward pawn on b2 becomes a target} 14. b4 axb4 15. axb4 d5 (15... Ne5
16. Bf4 $15) 16. exd5 $11 exd5 ({Instead of} 16... cxd5 17. b5 dxc4 18. Bxg6
Bxb5 19. Bxh7+ Kxh7 20. Qh5+ Kg8 21. Rxb5 $16) 17. b5 {White gains space} dxc4
18. bxa6 (18. Bxg6 $5 {is an interesting idea} cxb5 19. Bf4 hxg6 20. Bxb8 $11)
18... cxd3 $15 {
White has a new passed pawn: a6. Black has new passed pawns: c6+d3} 19. Rb7 (
19. Rxb8 Qxb8 20. Bc3 Qd6 21. Bxd4 Qxd4 $15) 19... Qd5 (19... Ra8 $142 20. Bb4
Re8 $17) 20. Nc3 $4 {further deteriorates the position} (20. Be3 $142 $17)
20... Bxc3 $19 21. Bxc3 Nf4 22. Qf3 (22. Qg4 {
there is nothing better in the position} Ne2+ 23. Kh1 Nxc3 24. Qb4 $19) 22...
Ne2+ 23. Kh1 Qxf3 24. gxf3 Nxc3 (24... Nxc3 25. Rc7 d2 $19) 0-1

[Event "TAO 49"]
[Site "?"]
[Date "2009.09.19"]
[Round "?"]
[White "Blair, David L."]
[Black "Campbell, Grace"]
[Result "0-1"]
[WhiteElo "1253"]
[BlackElo "1570"]
[Annotator "Rybka 3 (90s)"]
[PlyCount "58"]
[SourceDate "2006.11.11"]

{B22: Sicilian: 2 c3} 1. e4 c5 2. c3 (2. Nf3 d6 $11) 2... d5 (2... Nf6 3. e5
Nd5 4. Nf3 $11) 3. exd5 Qxd5 4. d4 e6 (4... Bf5 5. Nf3 $11) 5. Nf3 Nf6 6. Be3 (
6. Na3 a6 $11) 6... cxd4 (6... Be7 7. Na3 cxd4 8. Bxd4 $11) 7. cxd4 Nc6 8. Nc3
{White threatens to win material: Nc3xd5} Bb4 9. a3 Bxc3+ 10. bxc3 {
White has the pair of bishops} O-O 11. Bd3 (11. Be2 Ng4 $14) 11... b6 (11... e5
$5 {is worthy of consideration} 12. dxe5 Nxe5 13. Bxh7+ Kxh7 14. Qxd5 Nxd5 15.
Nxe5 Bf5 $11) 12. O-O {White castles and improves king safety} Bb7 13. Bg5 (13.
Qc2 Rac8 $11) 13... Nd7 (13... Rac8 14. Re1 $14) 14. c4 {
White threatens to win material: c4xd5} (14. Re1 Na5 $14) 14... Qd6 15. d5 (15.
Qd2 $5 $14) 15... exd5 $11 16. cxd5 {
White has a new passed pawn: d5. White has an active position. .} (16. Be4 Ne7
$15) 16... Nce5 17. Be4 (17. Nxe5 Nxe5 18. Bf4 Qxd5 (18... Bxd5 $143 19. Qh5 f5
20. Bxf5 $14) 19. Bxh7+ Kxh7 20. Qxd5 Bxd5 21. Bxe5 Rfe8 $11) 17... Nc5 $15 {
Black threatens to win material: Nc5xe4} 18. Qc2 (18. Bc2 Bxd5 19. Nxe5 Qxe5
$15) 18... Nxe4 (18... f5 19. Nxe5 Nxe4 20. Nf3 $17) 19. Qxe4 Nxf3+ 20. Qxf3
Qxd5 {Opposite coloured bishops appeared.} 21. Qg3 Rac8 (21... f6 22. Bf4 $17)
22. Rfd1 $15 {White threatens to win material: Rd1xd5} Qf5 23. Bh6 Qg6 24. Qxg6
{White has a mate threat} hxg6 {Black has new doubled pawns: g6+g7} 25. Bf4 Rc4
{Black threatens to win material: Rc4xf4} 26. Bg3 Rfc8 27. Kf1 (27. f3 Ra4 $15)
27... Ba6 28. Ke1 $4 {causes even greater problems} (28. f3 $142 $17) 28...
Re4+ 29. Kd2 Re2# 0-1

[Event "TAO 49"]
[Site "?"]
[Date "2009.09.19"]
[Round "?"]
[White "High, David"]
[Black "Chen, Kevin Bell"]
[Result "0-1"]
[WhiteElo "1943"]
[BlackElo "1686"]
[Annotator "Rybka 3 (90s)"]
[PlyCount "64"]
[SourceDate "2006.11.11"]

{C77: Ruy Lopez: 3...a6 4 Ba4 Nf6, unusual lines} 1. e4 e5 2. Nf3 {
White threatens to win material: Nf3xe5} Nc6 3. Bb5 a6 4. Ba4 Nf6 5. Qe2 (5.
O-O Bd6 $11) 5... b5 6. Bb3 Bc5 7. d3 O-O 8. Bg5 (8. a4 b4 $11) 8... h6 {
Black threatens to win material: h6xg5} 9. Bh4 Bb7 10. c3 {Consolidates b4} d6
11. O-O b4 (11... Qe7 12. Nbd2 $11) 12. Rd1 (12. Nbd2 Qe7 $11) 12... a5 13. Ba4
g5 (13... Qe7 $142 $11) 14. d4 $4 {gives the opponent new chances} (14. Bg3
$142 $14 {and White has air to breath}) 14... exd4 $17 (14... gxh4 {
is no comparison} 15. dxc5 h3 16. g3 $14) 15. cxd4 (15. Bxc6 d3 16. Qxd3 Bxc6
$19) 15... Nxd4 $19 (15... gxh4 {is the weaker alternative} 16. dxc5 h3 17.
cxd6 (17. gxh3 $6 Qc8 $11) 17... cxd6 18. Nbd2 $16) 16. Nxd4 gxh4 17. e5 (17.
Bc6 $142 Bxc6 18. Nxc6 $19) 17... dxe5 $4 {
letting the wind out of his own sails.} (17... Ne4 $142 {
the advantage is on the side of Black} 18. Nc6 Nxf2 19. Nxd8 Nxd1+ 20. Kh1 Nf2+
21. Qxf2 Bxf2 22. Nxb7 Ra7 $19) 18. Nf5 $15 {
White threatens to win material: Nf5xh4} Bd4 {Menacing} 19. Nxh6+ $4 (19. Nd2
$142 {was much better} Kh8 20. Nf3 $15) 19... Kh7 $19 20. Ng4 (20. Nd2 {
doesn't change the outcome of the game} Kxh6 21. Nf3 Bxf3 22. Qxf3 Ra6 $19)
20... Nxg4 21. Qxg4 Rg8 22. Bc2+ $4 {terrible, but the game is lost in any case
} (22. Qh5+ Kg7 23. Nd2 $19) 22... Kh6 23. Qf5 (23. Rxd4 Qxd4 24. Qxd4 Rxg2+
25. Kf1 exd4 26. Bf5 $19) 23... Rxg2+ 24. Kf1 Qg8 (24... Rxf2+ 25. Qxf2 Ba6+
26. Rd3 Bxf2 27. Kxf2 Bxd3 28. Bxd3 Qxd3 29. Nc3 bxc3 30. b4 axb4 31. a4 c2 32.
Rf1 Qxf1+ 33. Kxf1 c1=Q+ 34. Kf2 Rxa4 35. Kg2 Qc2+ 36. Kh3 Ra3+ 37. Kxh4 Qe4#)
25. Qf6+ Kh5 26. Rxd4 Rg1+ (26... exd4 {succumbs to} 27. Bd1+ Rg4 28. Qf5+ Kh6
29. Bxg4 $16 (29. Qxg4 $143 Ba6+ 30. Ke1 Qxg4 31. Bxg4 Rg8 $15)) 27. Ke2 exd4
28. Bf5 (28. Kd3 {is not the saving move} Qh7+ 29. Kd2 Qh6+ 30. Qxh6+ Kxh6 $19)
28... Ba6+ (28... Qe8+ $142 {and Black can already relax} 29. Be6 Qxe6+ 30.
Qxe6 fxe6 $19) 29. Kf3 Qg2+ 30. Kf4 Qxf2+ 31. Ke5 Qxh2+ (31... Qe2+ 32. Kd5
Qb5+ 33. Kxd4 Qc4+ 34. Ke3 Re1+ 35. Kd2 Qc1#) 32. Kd5 $19 Qd6+ $1 {Decoy: c6} (
32... Qd6+ 33. Qxd6 cxd6 $19) 0-1

[Event "TAO 49"]
[Site "?"]
[Date "2009.09.19"]
[Round "?"]
[White "Embler, Matt"]
[Black "Campbell, Will"]
[Result "0-1"]
[WhiteElo "1620"]
[BlackElo "1903"]
[Annotator "Rybka 3 (90s)"]
[PlyCount "54"]
[SourceDate "2006.11.11"]

{B23: Closed Sicilian: Lines without g3} 1. e4 c5 2. Nc3 (2. Nf3 Nc6 $11) 2...
Nc6 3. f4 (3. Nf3 d6 $11) 3... g6 4. Nf3 Bg7 5. Bc4 (5. Bb5 d6 $11) 5... e6 (
5... d6 6. O-O $11) 6. f5 {White wins space} (6. e5 d5 7. Bb5 Nge7 $15) 6...
Nge7 (6... gxf5 7. d3 $15) 7. fxe6 $11 dxe6 8. d3 O-O 9. O-O Na5 10. Qe1 Nxc4 (
10... Nec6 11. Bb5 $11) 11. dxc4 {Black has the pair of bishops.} Nc6 12. Bg5
f6 {Controls e5} (12... Qb6 13. b3 h6 14. Bf4 $11) 13. Bf4 (13. Rd1 Qc7 14. Bh4
Qa5 $11) 13... e5 (13... Nd4 14. Rd1 e5 15. Be3 $11) 14. Be3 $11 Nd4 {
Black threatens to win material: Nd4xc2} 15. Qf2 {
White has a very active position} (15. Qd2 Nxf3+ 16. Rxf3 Qxd2 17. Bxd2 Bg4 $11
) 15... Be6 (15... f5 16. Qd2 $15) 16. b3 {Prevents intrusion on c4} Qa5 (16...
f5 17. Rad1 $11) 17. Nd5 $11 b5 (17... Rae8 18. Bd2 (18. Bxd4 $143 cxd4 19. a4
Qd8 $17) 18... Qd8 19. c3 $15) 18. Bxd4 (18. cxb5 Bxd5 19. exd5 (19. Bxd4 $2 {
springs to mind, but} cxd4 (19... exd4 $6 20. exd5 Qxb5 21. Nd2 $15) 20. exd5
Qxb5 $19) 19... Qxb5 20. Rae1 $11) 18... cxd4 $15 19. cxb5 $2 (19. Qe1 $142 {
and White has air to breath} Qd8 20. c3 dxc3 21. Qxc3 $15) 19... Bxd5 $19 20.
exd5 Qxb5 21. c4 $2 (21. Rad1 $142 $19) 21... dxc3 22. Rfd1 Rfd8 (22... e4 $142
{and Black can already relax} 23. Nd4 Qxd5 24. Nc2 $19) 23. Qe3 (23. Rac1 Rac8
24. Qe3 Qb6 25. Qxb6 axb6 $19) 23... Rxd5 (23... f5 $5 {seems even better} 24.
Ne1 $19) 24. Qxc3 Rad8 25. Rxd5 Qxd5 (25... Rxd5 $6 26. Qc8+ Bf8 27. Rc1 $19)
26. Qe3 (26. Ne1 e4 27. Rc1 $19) 26... e4 27. Ne1 (27. Rc1 {hoping against hope
} exf3 28. Qxf3 Qxf3 29. gxf3 $19) 27... f5 (27... f5 28. Qc1 Qd4+ 29. Kf1 Qxa1
30. Qc4+ Kh8 $19) 0-1

[Event "TAO 48"]
[Site "?"]
[Date "2009.08.08"]
[Round "3"]
[White "Simpson, Ron"]
[Black "Dana, Maurice"]
[Result "1-0"]
[WhiteElo "2290"]
[BlackElo "2200"]
[Annotator "Rybka 3 (90s)"]
[PlyCount "76"]
[SourceDate "2006.11.11"]

{E65: King's Indian: Fianchetto: 6...c5 7 0-0 without d5 by White} 1. Nf3 Nf6
2. c4 g6 3. g3 Bg7 4. Bg2 O-O 5. Nc3 d6 {Secures e5} 6. d4 c5 7. dxc5 dxc5 8.
Be3 {White threatens to win material: Be3xc5} Qa5 (8... Qb6 9. Na4 Qb4+ 10. Nd2
$11) 9. O-O $14 {White castles and improves king safety} Nc6 10. Qb3 Qb4 11.
Na4 {White threatens to win material: Na4xc5} Na5 (11... Be6 12. Rac1 Qxb3 13.
axb3 $11) 12. Qxb4 $14 cxb4 {Black has new doubled pawns: b4+b7} 13. Rac1 Nc6 (
13... Ng4 14. Bf4 $14) 14. Nd4 $16 Nxd4 15. Bxd4 Re8 (15... Nd7 16. Rfd1 $16)
16. Be5 (16. Bc5 Bd7 17. b3 Rab8 $16) 16... Bh6 17. Rcd1 Nd7 18. Bc7 Nb6 {
Black threatens to win material: Nb6xa4} 19. Nc5 (19. Bxb6 $5 axb6 20. b3 $14)
19... Nxc4 $11 20. Nxb7 (20. Na6 Bg4 21. Bxb7 Bxe2 22. Bxa8 Rxa8 23. Nxb4 Nd2
$15) 20... Bg4 $15 (20... Nxb2 $2 {is inferior since it leads to} 21. Nd8 Nxd1
22. Rxd1 $18) 21. b3 (21. Rd4 $5 {is worthy of consideration} Bxe2 22. Re1 $15)
21... Rac8 $17 22. Bf4 (22. Rd8 Rexd8 23. Bxd8 Nd6 24. Nxd6 Rxd8 $17) 22...
Bxf4 23. gxf4 Nb6 (23... Bxe2 $142 $5 24. bxc4 Bxd1 25. Rxd1 Rxc4 $17) 24. Rd2
$15 Rc3 {Here comes the goal-getter} 25. e3 Rec8 26. h3 Be6 27. Rfd1 Kg7 28.
Nd8 Bf5 29. Rd4 (29. Kh2 R3c7 $15) 29... Rc2 (29... Rc1 30. R4d2 $15) 30. R1d2
$11 Rxd2 31. Rxd2 Rc2 (31... h5 $142 $5 $15 {and Black has air to breath}) 32.
Rxc2 $16 Bxc2 33. Nc6 {White threatens to win material: Nc6xa7} Bb1 34. Nxb4
Nd7 35. a3 e5 (35... Nc5 $142 $5 $16) 36. fxe5 $18 Nxe5 37. Nc6 (37. f4 $5 Nd7
$18) 37... Nxc6 $16 38. Bxc6 Kf6 {And White went on to win.} 1-0

[Event "TAO 48"]
[Site "?"]
[Date "2009.08.08"]
[Round "2"]
[White "McNeill, Jonathon"]
[Black "Simpson, Ronald"]
[Result "0-1"]
[WhiteElo "1977"]
[BlackElo "2290"]
[Annotator "Rybka 3 (90s)"]
[PlyCount "70"]
[EventDate "8.??.??"]
[SourceDate "2006.11.11"]

{C56: Two Knights: 4 d4 exd4 5 0-0 Nxe4} 1. e4 e5 (1... e6 2. Nc3 $14) 2. Nf3 {
White threatens to win material: Nf3xe5} Nc6 (2... Nf6 3. Nxe5 Qe7 4. Nf3 $14)
3. d4 (3. Bb5 Bd6 $14) 3... exd4 $11 4. Bc4 (4. Nxd4 Bc5 5. Nxc6 Qf6 $11) 4...
Nf6 {Black threatens to win material: Nf6xe4} 5. e5 {
White threatens to win material: e5xf6} d5 {
Black threatens to win material: d5xc4} 6. Bb5 Ne4 7. Nxd4 Bc5 8. Bxc6+ (8. O-O
Bd7 9. Bxc6 Bxc6 $11) 8... bxc6 $15 {Black has the pair of bishops} 9. O-O (9.
Be3 Ba6 10. Nc3 Nxc3 11. bxc3 O-O $15) 9... O-O (9... Ba6 10. f3 Bxf1 11. Kxf1
Bxd4 12. Qxd4 $17) 10. f3 {Controls g4} (10. Be3 Qe8 $15) 10... Ng5 (10... f6
11. fxe4 fxe5 12. Rxf8+ Qxf8 13. c3 $15) 11. f4 (11. Be3 Ne6 $15) 11... Ne4 (
11... f6 12. Be3 Ne6 13. Re1 Bxd4 14. Bxd4 $17) 12. Be3 (12. Nc3 f6 13. Nxe4
dxe4 $15) 12... Ba6 {Black threatens to win material: Ba6xf1} (12... f6 $5 13.
Nd2 fxe5 14. fxe5 Rxf1+ 15. Nxf1 Qe8 $15) 13. Re1 $11 Qh4 14. Nc3 Nxc3 15. bxc3
Bb6 (15... Bxd4 16. cxd4 Rab8 17. Bc1 $14) 16. g3 {
White threatens to win material: g3xh4} Qh3 (16... Qh6 17. f5 Bxd4 18. cxd4 $14
) 17. Nxc6 Bb7 {Black threatens to win material: Bb7xc6} 18. Qxd5 (18. Bxb6 $5
Bxc6 19. Bd4 $16) 18... Kh8 $14 19. Rad1 Rae8 20. Bxb6 axb6 {
White has a new backward pawn: a2} 21. Rd2 h6 (21... Qg4 $5 $14 {
should be considered}) 22. Qc4 $16 Qg4 23. Nd4 (23. Rf2 $5 $16) 23... c5 $14 {
Black threatens to win material: c5xd4} 24. Qe2 {
White threatens to win material: Qe2xg4} Qd7 (24... Qc8 $5 25. Nf3 f6 $14) 25.
Nf3 $16 Qc6 (25... Qe6 26. Red1 $16) 26. Kf2 Ra8 27. Rd6 Qc7 28. Ra1 Ra3 29.
Qd3 (29. Nh4 Bc8 $16) 29... b5 (29... Bxf3 30. Qxf3 b5 31. Rad1 $16) 30. Nh4 (
30. Ne1 Bc6 $16) 30... b4 31. Rd1 (31. Rd7 Qc6 32. Qd6 Qxd6 33. exd6 Bc8 $16)
31... Rxc3 $14 {Menacing} 32. Qf5 {White king safety dropped} Kg8 33. e6 (33.
Rd7 Qc6 34. e6 g6 35. exf7+ Kh7 36. Qxg6+ Qxg6 37. Nxg6 Rxc2+ 38. Ke3 Kxg6 39.
R1d6+ Kg7 40. Rxb7 Rxf7 (40... Rxh2 $143 41. f5 $16) 41. Rxf7+ Kxf7 $14) 33...
fxe6 $11 34. Qxe6+ Qf7 35. Qxf7+ Rxf7 {FM Simpson went on to win an intense
time scramble, with McNeill's flag deciding it.} (35... Kxf7 $4 36. Rd7+ Kg8
37. Rxb7 Rxc2+ 38. Kf3 $18) 0-1